Catálogo público

Memoria / (Record no. 207965)

MARC details
000 -CABECERA
campo de control de longitud fija 00701nam a2200241Ia 4500
001 - NÚMERO DE CONTROL
campo de control Para_9226
003 - IDENTIFICADOR DEL NÚMERO DE CONTROL
campo de control CHAP
008 - DATOS DE LONGITUD FIJA--INFORMACIÓN GENERAL
campo de control de longitud fija 220125s2005 xx 000 0 und d
010 ## - NÚMERO DE CONTROL DE LA BIBLIOTECA DEL CONGRESO
Número de control de LC 207965
040 ## - FUENTE DE LA CATALOGACIÓN
Centro/agencia transcriptor CHAP
090 ## - LOCALMENTE ASIGNADO TIPO-LC NÚMERO DE CLASIFICACIÓN (OCLC); NÚMERO DE CLASIFICACIÓN LOCAL (RLIN)
Número de clasificación (OCLC) (R) ; Numero de clasificación, CALL (RLIN) (NR) CD 18
111 ## - ENTRADA PRINCIPAL--NOMBRE DE CONGRESO/REUNIÓN
Nombre de congreso/reunión o jurisdicción como elemento de entrada Simposio nacional de parasitología agrícola: Ing. Amado Toledano Alonso (31:2005:Guadalajara, Jal.)
9 (RLIN) 174410
245 ## - MENCIÓN DE TÍTULO
Título Memoria /
Mención de responsabilidad, etc. por Ingenieros Agronómos Parasitologos
260 ## - PUBLICACIÓN, DISTRIBUCIÓN, ETC.
Lugar de publicación, distribución, etc. Guadalajara, Jal. :
Nombre del editor, distribuidor, etc. IAP
650 ## - PUNTO DE ACCESO ADICIONAL DE MATERIA--TÉRMINO DE MATERIA
Término de materia o nombre geográfico como elemento de entrada Parasitología
Subdivisión general congresos
9 (RLIN) 85470
901 ## - ELEMENTOS DE DATOS A LOCAL LDA (RLIN)
a CD 18
902 ## - ELEMENTOS DE DATOS B LOCAL, LDB (RLIN)
a M
905 ## - ELEMENTOS DE DATOS E LOCAL, LDE (RLIN)
a 0000002005 0000000000 00
910 ## - DATOS DE OPCIÓN DEL USUARIO (OCLC)
Datos de opción del usuario 2005
942 ## - ELEMENTOS DE PUNTO DE ACCESO ADICIONAL (KOHA)
Tipo de ítem Koha Parasitologia_
942 ## - ELEMENTOS DE PUNTO DE ACCESO ADICIONAL (KOHA)
Tipo de ítem Koha Parasitologia_
-- 5
Holdings
Estado de retiro Estado de pérdida Fuente del sistema de clasificación o colocación Estado dañado Restricciones de uso No para préstamo Código de colección Localización permanente Ubicación/localización actual Ubicación en estantería Fecha de adquisición Información codificada de la localización en otra ubicación Total de préstamos Código de barras Fecha visto por última vez Número de copia Precio válido a partir de Tipo de ítem Koha Nota pública
    Clasificación Universidad Autónoma de Chapingo   Préstamo interno   Material multimedia Parasitologia Agricola Parasitologia Agricola   16/11/2006 PARA   PA_09032-3 25/01/2022 3 25/01/2022 CD 3
    Clasificación Universidad Autónoma de Chapingo   Préstamo interno   Material multimedia Parasitologia Agricola Parasitologia Agricola   16/11/2006 PARA   PA_09032 25/01/2022 1 25/01/2022 CD 3
    Clasificación Universidad Autónoma de Chapingo   Préstamo interno   Material multimedia Parasitologia Agricola Parasitologia Agricola   16/11/2006 PARA   PA_09032-2 25/01/2022 2 25/01/2022 CD 3